| 000 | 00979cam a2200265 a 4500 | ||
|---|---|---|---|
| 001 | 000018373 | ||
| 005 | 20200929165459.0 | ||
| 008 | 770505s1969 sp a 000 j spa d | ||
| 035 | _a(DLC) 74465668 | ||
| 035 | _a(OCoLC)2942637 | ||
| 040 |
_aDO-SdBNP _cInU _dDLC _dBNPHU |
||
| 042 | _apremarc | ||
| 043 | _ancnq--- | ||
| 082 |
_aN863.4 _bC961n, 1969 |
||
| 100 | 1 |
_aCuadra, Pablo Antonio, _d1912-2002. _934098 |
|
| 245 | 1 | 3 |
_aEl nicaragüense / _cPablo Antonio Cuadra ; epílogo de José Coronel Urtecho. |
| 260 |
_aMadrid : _bCultura Hispánica, _c1969. |
||
| 300 |
_a164 p. : _bil. ; _c18 cm. |
||
| 500 | _aEl nicaragüense -- Otros escritos sobre el nicaragüense -- Epílogo sobre la universalidad nicaragüense, por José Coronel Urtecho. | ||
| 586 | _aPremio Rubén Dario de Poesía Hispánica, 1964 | ||
| 650 | 4 |
_aCuentos nicaragüense _925583 |
|
| 650 | 4 |
_aLiteratura nicaragüense _ySIGLO XX _98729 |
|
| 910 | _aCatalogación por derivada / LC | ||
| 049 | _aBNPHU | ||
| 999 |
_c17894 _d17894 |
||